000 04213nab a2200445 i 4500
003 BR-BrBNA
005 20240815133215.0
008 240815b2018 bl.|r|pooa||| 00| 0 eng |
040 _aBR-BrBNA
_beng
072 _aL53
_b5300
072 _aL50
100 _aRabassa, V.R.
100 _aFeijó, J.O.
100 _aPerazzol, D.
100 _aPereira, C.M.
100 _aSchild, A.L.P.
100 _aLucia Júnior, T.
100 _aCorcini, C.D.
100 _a Schmitt, E.
100 _aSchneider, A.
100 _aPino, F.A.B.D.
100 _aBianchi, I.
100 _aCorrêa, M.N.
245 _aEffect of porcine somatotropin on metabolism, testicular size and sperm characteristics in young boars
500 _aPublicação online; 30 ref.; 3 illus.; 2 tables; Summaries (En, Pt)
520 _a ABSTRACT - The aim of this study was to evaluate the effect of pST injections on metabolism, testicular size, and sperm characteristics in young boars. Sixty 22-day old piglets were divided into two groups: pST (n=30) and Control (n=30). The pST group was submitted to pST injections (90µg/kg body weight) every three days up to 330 days of age. Blood collections were performed weekly. Testicular weight was measures at 22, 82, 142, 202 and 365 days of age. Libido and fresh semen characteristics were evaluated between 150 and 210 days of age. Semen characteristics were also evaluated during a 72h storage period (15ºC). Testosterone, albumin, and phosphorus blood concentrations were higher in the pST group (P<0.05). The pST group had a higher IGF-I concentration in seminal plasma (P=0.05) and higher testicular weight (P<0.001) compared to the Control group. The pST group had higher ejaculate volume (P<0.001), total sperm count (P=0.047) and number of inseminating doses/ejaculate (P=0.047). During the 72h storage period, the pST group had a lower number of morphological alterations (P<0.001) compared to the Control group. In sum, pST injection in young boars increased testosterone concentration, testicular size, and sperm quality. Keywords: swine, growth hormone, pST, testicle, semen
520 _a RESUMO - O objetivo deste estudo foi determinar o efeito da administração de pST sobre o metabolismo, o tamanho testicular e a qualidade espermática de cachaços jovens. Foram usados leitões com 22 dias de idade, divididos em dois grupos: pST (n=30) e controle (n=30). O grupo pST foi submetido a injeções de pST (90µg/kg de peso vivo) a cada três dias até 330 dias de idade. Peso testicular foi avaliado aos 22, 82, 142, 202 e 365 dias de idade. Libido e qualidade do sêmen fresco foram avaliados entre 150 e 210 dias de idade. Qualidade espermática foi avaliada durante refrigeração (15ºC) por um período de 72 horas. Concentrações sanguíneas de testosterona, albumina e fósforo foram maiores no grupo pST (P<0,05). O grupo pST apresentou maior concentração de IGF-I no plasma seminal (P=0,05) e maior peso testicular, quando comparado ao grupo controle (P<0,001). O grupo pST apresentou maior volume espermático (P<0,001), concentração espermática (P=0,047) e número de doses espermáticas por ejaculado (P=0,047). Durante o período de 72 horas de refrigeração, o grupo pST teve menor número de patologias espermáticas (P<0,001). Assim, conclui-se que a administração de pST aumenta a concentração sanguínea de testosterona, o tamanho testicular e a qualidade espermática de cachaços jovens. Palavras-chave: suíno, hormônio do crescimento, pST, testículo, sêmen
650 _aSUÍNO
650 _aREPRODUÇÃO ANIMAL
650 _aCRESCIMENTO
650 _aHORMÔNIO
650 _aTESTÍCULO
650 _aSÊMEN
650 _aMATURIDADE SEXUAL
650 _aBIOQUÍMICA ANIMAL
773 0 _01643
_9317174
_dBelo Horizonte-MG Universidade Federal de Minas Gerais - Escola de Veterinaria 1983
_o2024-3790
_tArquivo Brasileiro de Medicina Veterinária e Zootecnia (Brazil)
_x0102-0935
_gv. 70(1) p. 73-81; (2018)
_wBR2024002275
856 _uhttps://www.scielo.br/j/abmvz/a/fnkzFsTsfMb775wn7C6dNcR/?format=pdf&lang=en
942 _cAnalítica
999 _c300906
_d300906